000 00537nmm a2200169Ia 4500
008 251105s9999||||xx |||||||||||||||||und||
020 _a9788484893424
041 _aspa
100 _aHerrera, Javier Martínez-Carazo, Cristina (eds.)
245 0 _aHispanismo y cine
264 _a[Madrid, España] :
_bIberoamericana Vervuert,
_c2007
300 _a512 páginas
490 _aLa Casa de la Riqueza. Estudios de Cultura de España
650 _aFilm studies
856 _uhttps://public.digitaliapublishing.com/a/18368
942 _cCF
999 _c86583
_d86583